Responses for Show #1920 - Friday, January 1, 1993

Contestants

[<< previous game]

Mike Griffin, a newspaper publisher from Los Angeles, California

Anita Stork, an attorney from San Francisco, California

Rudy Tjiptahadi, an engineering student from Fullerton, California (whose 1-day cash winnings total $6,201)

[next game >>]

Jeopardy! Round responses

SCIENCE
SONGS
ANTARCTICA
ANTONYMS
MEAT
POTATOES
    $100 1
reptiles

Rudy
    $100 25
"Georgia On My Mind"

Mike
    $100 21
the ozone layer

Mike
    $100 14
thin

Rudy
    $100 6
hamburger (beef)

Mike
    $100 11
cheese

Mike
    $200 2
flora

Rudy
    $200 27
Richard Harris

Anita
    $200 22
(Rudy: What are penguins?)

seals

RudyMike
    $200 15
War & Peace

Mike
    $200 7
lamb

Mike
    $200 12
shoestring potatoes

Mike
    $300 3
Venus

Rudy
    $300 28
Grease

Rudy
    $300 23
Admiral Byrd

Mike
    $300 16
late

Rudy
    $300 8
goose

Anita
    $300 13
New York

Rudy
    $400 4
hydrogen

Mike
    $400 29
"Blue Velvet" (or "Blue On Blue")

Anita
    $400 24
Scott

Anita
    $400 17
hard-boiled & soft-boiled

Mike
    $400 9
brains

Mike
    $400 19
(Anita: What is scalloped potatoes?)

mashed potatoes

AnitaMike
    $500 5
Pangaea

Mike
    $500 30
roses

Triple Stumper
    $500 26
(Rudy: What is Australia?)

South America

RudyAnita
    $2,000 18
(Mike: What is...)
(Alex: Hurry.)
(Mike: ...Blank.)
(Alex: Yeah, you're going to hate yourself.)
(Mike: I know it.)
(Alex: What is [*]? You were probably thinking of the noun fire.)
(Mike: I was thinking yes, of the flame.)
(Alex: Instead of the verb, yes, to fire someone, to [*] someone.)

hire

Mike
    $500 10
(Rudy: What is a horse?)

goat

RudyMike
    $500 20
a knish

Mike

Scores at the first commercial break (after clue 15):

Rudy Anita Mike
$500 $300 $2,600

Scores at the end of the Jeopardy! Round:

Rudy Anita Mike
$400 $1,400 $2,600

Double Jeopardy! Round responses

WINSTON CHURCHILL
FAMOUS PHILOSOPHERS
ART
PULITZER PRIZE PLAYS
COINS
THE 51st STATE
    $200 1
World War I

Mike
    $200 13
Socrates

Anita
    $200 8
(Edgar) Degas

Rudy
    $200 14
Green

Rudy
    $200 22
Canada

Rudy
    $200 6
Michigan

Mike
    $400 2
(Mike: What is oil [*]?)

painting

Mike
    $400 15
Voltaire

Rudy
    $400 9
El Greco

Rudy
    $400 21
Our Town

Mike
    $400 25
tea

Anita
    $400 7
Idaho

Rudy
    $600 3
(Rudy: What is Parliament?)
(Alex: Be more specific.)
(Rudy: What is the British Parliament?)
(Alex: Be more specific.)

the House of Commons

Rudy
    $600 16
Jean-Paul Sartre

Rudy
    $600 10
Picasso

Anita
    $600 23
Picnic

Anita
    $600 26
a dollar

Mike
    $600 19
Tennessee

Anita
    $800 4
Teheran

Rudy
    $1,800 17
Nietzsche

Rudy
    $800 11
(Anita: Who is Rembrandt?)
(Rudy: Who is Van Eyck?)
(Mike: Who is Bruegel?)

Peter Paul Rubens

RudyAnitaMike
Triple Stumper
    $800 29
Cat on a Hot Tin Roof

Rudy
    $800 27
the owl

Mike
    $800 20
Theodore Roosevelt

Rudy
    $1000 5
Sudan

Mike
    $1000 18
Immanuel Kant

Mike
    $1000 12
(Anita: What is Florence?)

Venice

RudyAnita
    $1000 30
The Diary of Anne Frank

Anita
    $2,000 28
one bit

Mike
    $1000 24
California

Mike

Scores at the end of the Double Jeopardy! Round:

Rudy Anita Mike
$7,800 $3,000 $9,400

[wagering suggestions for these scores]

Final Jeopardy! Round responses

FOREIGN CARS
AnitaWhat is Honda?
$0
RudyWhat is Audi
$1,601
MikeWhat is Audi?
$8,600
Audi

Final scores:

Rudy Anita Mike
$9,401 $3,000 $18,000
2nd place: trip to Las Vegas 3rd place: Swintec electronic typewriter + Wheel of Fortune & Jeopardy! games for the Super Nintendo & Sega Genesis New champion: $18,000

Game dynamics:

Coryat scores:

Rudy Anita Mike
$6,800 $3,000 $10,400
20 R
(including 1 DD),
4 W
11 R,
3 W
26 R
(including 1 DD),
2 W
(including 1 DD)

Combined Coryat: $20,200

[game clues] [game scores] [suggest correction]

Game tape date: 1992-09-15
The J! Archive is created by fans, for fans. Scraping, republication, monetization, and malicious use prohibited; this site may use cookies and collect identifying information. See terms. The Jeopardy! game show and all elements thereof, including but not limited to copyright and trademark thereto, are the property of Jeopardy Productions, Inc. and are protected under law. This website is not affiliated with, sponsored by, or operated by Jeopardy Productions, Inc. Join the discussion at JBoard.tv.